[Event "AUTO-OPEN-469"]
[Site "http://www.queenalice.com/game.php?id=137407"]
[Date "2006.12.5"]
[Round "1"]
[White "Nerdling"]
[Black "carloswecker"]
[Result "0-1"]
[WhiteElo "1413"]
[BlackElo "1608"]

1. d4 d5 2. Nc3 Nf6 3. f3 Bf5 4. g4 Bg6 5. h4 h6 6. Nh3 Nc6 7. a3 Qd7 8. Rg1 e6
9. Bg2 Bd6 10. Nb5 Bg3+ 11. Kf1 Bxh4 12. b4 a6 13. Nc3 Nh7 14. b5 Na5 15. Bd2
Nc4 16. e3 axb5 17. f4 O-O 18. a4 bxa4 19. Nf2 Bxf2 20. Kxf2 a3 21. Rh1 Nf6 22.
Rb1 Nxd2 23. g5 hxg5 24. fxg5 Nfe4+ 25. Ke2 Nxc3+ 26. Ke1 Nxd1 27. Kxd1 Nxb1 28.
Ke2 a2 29. c3 a1=Q 30. Rxb1 Ra2+ 31. Kf3 Be4+ 32. Kf4 Qd6+ 33. Kg4 Rxg2+ 34. Kh3
Qh2# 0-1

[Event "AUTO-OPEN-469"]
[Site "http://www.queenalice.com/game.php?id=137424"]
[Date "2006.12.5"]
[Round "1"]
[White "DSRelva"]
[Black "Nerdling"]
[Result "1-0"]
[WhiteElo "1872"]
[BlackElo "1344"]

1. g3 b5 2. Bg2 c6 3. d4 d6 4. e4 d5 5. e5 f6 6. Bf4 g5 7. Be3 Nh6 8. Qh5+ Nf7
9. Bh3 e6 10. f4 gxf4 11. Bxf4 Na6 12. a3 b4 13. Bf1 Qa5 14. Bd3 h6 15. Bg6 Qc7
16. exf6 Qb6 17. Bxf7+ Kd8 18. Be5 Bd7 19. Qg4 c5 20. Ne2 cxd4 21. Bxd4 Qc6 22.
c3 Qc4 23. Nd2 Qd3 24. Bxe6 Bxe6 25. Qxe6 h5 26. Qxd5+ Ke8 27. Qxa8+ Kf7 28.
Qd5+ Kg6 29. Nf4+ Kh6 30. Qxh5# 1-0

[Event "AUTO-OPEN-469"]
[Site "http://www.queenalice.com/game.php?id=137425"]
[Date "2006.12.5"]
[Round "1"]
[White "Nerdling"]
[Black "DSRelva"]
[Result "0-1"]
[WhiteElo "1357"]
[BlackElo "1676"]

1. d4 d5 2. Nc3 Nf6 3. f3 Bf5 4. h3 Nc6 5. g4 Bg6 6. a3 Qd6 7. Nb5 Qg3+ 8. Kd2
O-O-O 9. e3 a6 10. Nxc7 Kxc7 11. Ne2 Qxf3 12. Bg2 Qxg2 13. a4 Ne4+ 14. Ke1 Qf2#
0-1

[Event "Challenge"]
[Site "http://www.queenalice.com/game.php?id=146045"]
[Date "2006.12.25"]
[Round "-"]
[White "danco69"]
[Black "Nerdling"]
[Result "1-0"]
[WhiteElo "1420"]
[BlackElo "1318"]

1. e4 d5 2. exd5 Qxd5 3. Nc3 Qd8 4. d4 e5 5. dxe5 Qxd1+ 6. Nxd1 f6 7. exf6 gxf6
8. Bf4 Bd6 9. Bxd6 cxd6 10. Ne3 Nh6 11. O-O-O Nc6 12. Bb5 a6 13. Bxc6+ bxc6 14.
Rxd6 Bb7 15. Rxf6 Ng8 16. Re6+ Kd8 17. Nf3 Ne7 18. Rd1+ Ke8 19. Nf5 Kf7 20.
Rxe7+ Kg6 21. N3h4+ Kg5 22. Rg7+ Kf6 23. Rd6+ Ke5 24. Re7+ Kf4 25. g3+ Kg4 26.
Rxb7 Rae8 27. Re7 Rxe7 28. Nxe7 Re8 29. Nef5 Re1+ 30. Rd1 Re5 31. Rd4+ Kg5 32.
f3 c5 33. f4+ Kg4 34. Rd7 Re1+ 35. Kd2 Ra1 36. Rc7 Kh3 37. Rxc5 Kxh2 38. Ra5 Kg1
39. Rxa6 Kf1 40. Re6 Rxa2 41. Ne3+ Kf2 42. g4 Rxb2 43. f5 Kg3 44. Rh6 Ra2 45.
Rxh7 Kf2 46. f6 Ra3 47. Nhf5 Kf3 48. g5 Ke4 49. g6 Ke5 50. f7 Ra8 51. g7 Rd8+
52. Kc1 Kf6 53. f8=Q+ Rxf8 54. gxf8=Q+ Ke6 55. Re7# 1-0

[Event "Challenge"]
[Site "http://www.queenalice.com/game.php?id=147056"]
[Date "2006.12.27"]
[Round "-"]
[White "kirkooo"]
[Black "Nerdling"]
[Result "0-1"]
[WhiteElo "1242"]
[BlackElo "1264"]

1. e4 d5 2. exd5 Qxd5 3. Nc3 Qd8 4. d4 e5 5. dxe5 f6 6. Qxd8+ Kxd8 7. Nf3 Bd6 8.
exd6 cxd6 9. Bc4 a6 10. O-O Bd7 11. Bf4 h6 12. Bxd6 Nc6 13. Rad1 g5 14. Nd4 Nxd4
15. Rxd4 b5 16. Bb3 Ne7 17. Bxe7+ Kxe7 18. Re1+ Kd8 19. Red1 Ra7 20. g4 h5 21.
gxh5 Rxh5 22. Be6 Rh7 23. Ne4 a5 24. Nxf6 Re7 25. Rxd7+ Raxd7 26. Rxd7+ Rxd7 0-1

[Event "Let's Play Chess!"]
[Site "http://www.queenalice.com/game.php?id=147346"]
[Date "2006.12.28"]
[Round "-"]
[White "eliu3472000"]
[Black "Nerdling"]
[Result "1-0"]
[WhiteElo "1498"]
[BlackElo "1277"]

1. Nf3 d5 2. e3 f6 3. d4 Qd6 4. c4 c6 5. Nc3 Be6 6. c5 Qd7 7. Be2 b5 8. b4 a5 9.
bxa5 Rxa5 10. O-O b4 11. Na4 Nh6 12. Nb6 Qb7 13. Qb3 Rb5 14. Bxb5 cxb5 15. Qxb4
Bd7 16. Nxd7 Qxd7 17. a4 bxa4 18. Rxa4 Nf7 19. Qxb8+ Nd8 20. Ra7 Qc6 21. Ra8 Qd7
22. c6 Qd6 23. c7 g5 24. cxd8=Q+ Qxd8 25. Qxd8+ Kf7 26. Ba3 g4 27. Qxd5+ e6 28.
Qh5+ Kg7 29. Qxg4+ Kf7 30. Ra7+ Ke8 31. Qxe6+ Kd8 32. Qd7# 1-0

[Event "Game anyone?"]
[Site "http://www.queenalice.com/game.php?id=147360"]
[Date "2006.12.28"]
[Round "-"]
[White "Nerdling"]
[Black "CampbellMarcel"]
[Result "0-1"]
[WhiteElo "1348"]
[BlackElo "1723"]

1. d4 f5 2. h4 Nf6 3. Bg5 e6 4. Bxf6 Qxf6 5. f3 b6 6. Nc3 Bb4 7. a3 Bd6 8. g4
Bg3+ 9. Kd2 fxg4 10. fxg4 Qf4+ 11. e3 Qf2+ 12. Kd3 Ba6+ 13. Ke4 d5+ 14. Nxd5
exd5+ 15. Kxd5 c6+ 16. Ke4 O-O 17. Bc4+ Bxc4 18. b3 Re8# 0-1

[Event "Let's Play Chess!"]
[Site "http://www.queenalice.com/game.php?id=148063"]
[Date "2006.12.30"]
[Round "-"]
[White "Nerdling"]
[Black "CampbellMarcel"]
[Result "0-1"]
[WhiteElo "1346"]
[BlackElo "1725"]

1. d4 Nf6 2. d5 c6 3. dxc6 bxc6 4. Bg5 e5 5. Bxf6 Qxf6 6. Nf3 Bc5 7. e3 Ba6 8.
Bxa6 Nxa6 9. a3 d5 10. c3 O-O 11. b4 Bd6 12. Nbd2 e4 13. Ng1 Rfe8 14. f3 Qg6 15.
Qe2 Re6 16. Rb1 Nc7 17. h4 Bg3+ 18. Kf1 exf3 19. gxf3 Rae8 20. f4 Rxe3 21. Qg2
Re1+ 22. Rxe1 Rxe1# 0-1

[Event "Let's Play Chess!"]
[Site "http://www.queenalice.com/game.php?id=148109"]
[Date "2006.12.30"]
[Round "-"]
[White "Nerdling"]
[Black "BuzzKiller"]
[Result "0-1"]
[WhiteElo "1278"]
[BlackElo "1502"]

1. d4 d5 2. Nc3 Bf5 3. h3 e6 4. g4 Bg6 5. h4 h5 6. g5 Bb4 7. a3 Bxc3+ 8. bxc3 c6
9. Rh3 Qa5 10. Bd2 Qc7 11. Nf3 Bf5 12. Rg3 g6 13. a4 Nd7 14. a5 a6 15. Bh3 Ne7
16. e3 Bxh3 17. Rxh3 Nf5 18. Ra4 c5 19. Qb1 O-O 20. c4 Rfb8 21. Bc3 b5 22. Ra1
bxc4 23. Qc1 Ra7 24. Rb1 Rab7 25. Ra1 cxd4 26. exd4 f6 27. gxf6 Nxf6 28. Ng5 Ne4
29. Nxe6 Qe7 30. Nf4 Qd6 31. f3 Nxc3 32. Qd2 Rb1+ 33. Rxb1 Rxb1+ 34. Kf2 Nd1+
35. Ke2 Qe7+ 36. Kf1 Nde3+ 37. Kf2 Rd1 38. Qc3 Rf1+ 39. Ke2 Nd1+ 40. Kd2 Qe1+
41. Kc1 Nxc3+ 42. Kb2 Qe3 43. Ng2 Nd1+ 44. Ka2 Qc3 45. Nf4 Qb2# 0-1

[Event "Let's Play Chess!"]
[Site "http://www.queenalice.com/game.php?id=148110"]
[Date "2006.12.30"]
[Round "-"]
[White "Nerdling"]
[Black "BuzzKiller"]
[Result "0-1"]
[WhiteElo "1290"]
[BlackElo "1470"]

1. d4 d5 2. Nc3 Bf5 3. h3 e6 4. g4 Bg6 5. h4 h5 6. g5 Nc6 7. e3 Bb4 8. a3 Bxc3+
9. bxc3 Nge7 10. Nf3 Be4 11. Rh3 Bf5 12. Rg3 Bg4 13. a4 Ng6 14. a5 a6 15. Bd2
Nxh4 16. Be2 Nxf3+ 17. Kf1 Qxg5 18. Bxf3 f5 19. Bxg4 hxg4 20. f4 Qh4 21. Qe1
Qh1+ 22. Rg1 Qf3+ 23. Qf2 Qh3+ 24. Qg2 O-O-O 25. Rb1 Nxa5 26. c4 Nxc4 27. Qxh3
gxh3 28. Rxg7 Nxd2+ 29. Ke1 Nxb1 30. Ke2 Rdg8 31. Re7 h2 32. Rxe6 h1=Q 33. Kd3
Qd1# 0-1

[Event "Let's Play Chess!"]
[Site "http://www.queenalice.com/game.php?id=148111"]
[Date "2006.12.30"]
[Round "-"]
[White "Nerdling"]
[Black "BuzzKiller"]
[Result "0-1"]
[WhiteElo "1270"]
[BlackElo "1509"]

1. d4 d5 2. Nc3 Bf5 3. h3 e6 4. g4 Bg6 5. h4 h5 6. g5 Na6 7. a3 c5 8. Nf3 Qa5 9.
Rh3 Be4 10. Ne5 cxd4 11. Qxd4 Bc5 12. Qd2 Bd4 13. Qxd4 Ne7 14. b4 Qb6 15. Qxb6
axb6 16. b5 Nc5 17. f3 Bxc2 18. Ra2 Bb3 19. Ra1 Ra5 20. Rg3 Nf5 21. Rg2 Nxh4 22.
Rf2 Na4 23. Nxa4 Bxa4 24. Rh2 Nf5 25. e4 Nd4 26. Kf2 Rxb5 27. Ke3 Nc2+ 28. Kd2
Nxa1 29. g6 f6 30. Nf7 Nb3+ 31. Kd3 Nxc1+ 32. Kd2 Rb2+ 33. Kxc1 Rxh2 34. Nxh8
Rh1 35. Kb2 Rxf1 36. exd5 exd5 37. Kc3 Rxf3+ 38. Kb4 Bc6 39. Nf7 Ke7 40. a4 Rg3
41. a5 bxa5+ 42. Kxa5 Rb3 43. Nh8 h4 44. Nf7 h3 45. Nh8 h2 46. Nf7 h1=Q 47. Ne5
Qe1# 0-1

[Event "AUTO-INT-296"]
[Site "http://www.queenalice.com/game.php?id=148232"]
[Date "2006.12.30"]
[Round "1"]
[White "Nerdling"]
[Black "Dcar"]
[Result "0-1"]
[WhiteElo "1296"]
[BlackElo "1505"]

1. c4 Nf6 2. Nc3 g6 3. f4 Bg7 4. d4 O-O 5. e4 d6 6. e5 dxe5 7. fxe5 Nh5 8. g3
Nc6 9. Be3 e6 10. d5 Nxe5 11. g4 Nf6 12. g5 Nfg4 13. Qe2 Nxe3 14. h4 N5g4 15.
Rh3 exd5 16. Rxe3 Bxc3+ 17. Rxc3 Re8 18. Rd1 Rxe2+ 19. Bxe2 d4 20. Rcd3 c5 21.
b3 Bf5 22. Rg3 Qe7 23. a4 Re8 24. Nh3 Qxe2# 0-1

[Event "AUTO-INT-296"]
[Site "http://www.queenalice.com/game.php?id=148233"]
[Date "2006.12.30"]
[Round "1"]
[White "Dcar"]
[Black "Nerdling"]
[Result "1-0"]
[WhiteElo "1375"]
[BlackElo "1344"]

1. Nf3 f5 2. g3 Nf6 3. Bg2 h6 4. O-O g5 5. b3 g4 6. e3 gxf3 7. Bxf3 h5 8. e4
fxe4 9. Be2 a6 10. Nc3 Nc6 11. Nxe4 Nxe4 12. Bxh5+ Rxh5 13. Qxh5# 1-0

[Event "AUTO-INT-296"]
[Site "http://www.queenalice.com/game.php?id=148234"]
[Date "2006.12.30"]
[Round "1"]
[White "Nerdling"]
[Black "joffly"]
[Result "0-1"]
[WhiteElo "1287"]
[BlackElo "1504"]

1. c4 g6 2. e3 Bg7 3. d4 d5 4. c5 e5 5. dxe5 Bxe5 6. f4 Bg7 7. Nc3 Bxc3+ 8. bxc3
c6 9. a4 Ne7 10. Nf3 Bf5 11. h3 Na6 12. Bxa6 bxa6 13. g4 Bd7 14. f5 gxf5 15.
gxf5 Bxf5 16. Ng5 Ng6 17. Ra3 O-O 18. h4 Rb8 19. h5 Qxg5 20. hxg6 fxg6 21. e4
Qg3+ 22. Kd2 Bxe4 23. Rg1 Rf2+ 24. Ke1 Qxg1# 0-1

[Event "AUTO-INT-296"]
[Site "http://www.queenalice.com/game.php?id=148235"]
[Date "2006.12.30"]
[Round "1"]
[White "joffly"]
[Black "Nerdling"]
[Result "1-0"]
[WhiteElo "1627"]
[BlackElo "1310"]

1. e4 e5 2. Nf3 f6 3. Bc4 Bc5 4. d3 g6 5. Nc3 d6 6. O-O Nh6 7. Bxh6 a6 8. d4 c6
9. dxe5 dxe5 10. Ne2 b5 11. Bb3 f5 12. Qxd8+ Kxd8 13. Rfd1+ Nd7 14. Nxe5 a5 15.
Nf7+ Ke8 16. Nxh8 Ne5 17. exf5 Bxf5 18. a3 b4 19. axb4 Bxb4 20. c3 Bc5 21. Bf4
Ng4 22. Bg3 Ke7 23. h3 Nh6 24. Be5 g5 25. g4 Be4 26. Bg7 Ng8 27. Bxg8 Rxg8 28.
Be5 Ke6 29. Bd4 Bxd4 30. Rxd4 Ke5 31. Nf7+ Ke6 32. Nd6 Ke5 33. Ng3 Kf4 34. Rxe4+
Kf3 35. Rae1 c5 36. R1e3# 1-0

[Event "AUTO-INT-296"]
[Site "http://www.queenalice.com/game.php?id=148236"]
[Date "2006.12.30"]
[Round "1"]
[White "Nerdling"]
[Black "Jonny_Fake"]
[Result "0-1"]
[WhiteElo "1298"]
[BlackElo "1579"]

1. d4 Nf6 2. f3 Nc6 3. c3 d5 4. Nh3 Bf5 5. Bf4 e6 6. g4 Bg6 7. g5 Nh5 8. e3 Be7
9. Bb5 Nxf4 10. exf4 Bd6 11. Qa4 O-O 12. Bxc6 bxc6 13. Qxc6 Rb8 14. Qa6 Rxb2 15.
Nf2 Bxb1 16. Rxb1 Rxb1+ 17. Nd1 Bxf4 18. Qxa7 Qxg5 19. Qxc7 Bxc7 20. h4 Bg3+ 21.
Ke2 Qf4 22. h5 Rfb8 23. a4 Rxd1 24. Rxd1 Rb2+ 25. Kd3 Qxf3# 0-1

[Event "AUTO-INT-296"]
[Site "http://www.queenalice.com/game.php?id=148237"]
[Date "2006.12.30"]
[Round "1"]
[White "Jonny_Fake"]
[Black "Nerdling"]
[Result "1-0"]
[WhiteElo "1642"]
[BlackElo "1267"]

1. e4 e5 2. Nf3 f6 3. Bb5 c6 4. Ba4 b5 5. Bb3 d5 6. exd5 cxd5 7. d3 e4 8. Nd4 f5
9. Bf4 g5 10. Be5 Nf6 11. a3 b4 12. Ba4+ Bd7 13. axb4 Bxb4+ 14. c3 Bc5 15. Ne6
Qe7 16. Nc7+ Kd8 17. Nxa8 Qxe5 18. d4 Qf4 19. dxc5 Ng4 20. f3 exf3 21. Qxf3 Qc1+
22. Bd1 Qxb2 23. O-O Qxa1 24. Bb3 f4 25. Qxd5 Re8 26. Qxg5+ Re7 27. Rd1 Ne5 28.
Qxf4 Nbc6 29. Qf8+ Re8 30. Qd6 a5 31. Bd5 Qb2 32. Bxc6 Nxc6 33. Qxd7# 1-0

[Event "Challenge from Games Freak"]
[Site "http://www.queenalice.com/game.php?id=148852"]
[Date "2007.1.1"]
[Round "-"]
[White "Nerdling"]
[Black "swayne"]
[Result "0-1"]
[WhiteElo "1271"]
[BlackElo "1656"]

1. d4 d5 2. Nc3 Nc6 3. e3 Bf5 4. g4 Bg6 5. h4 h6 6. h5 Bh7 7. Nh3 e6 8. f4 Qh4+
9. Nf2 Qf6 10. Bb5 Ne7 11. a4 g5 12. hxg6 Bxg6 13. f5 exf5 14. gxf5 Bxf5 15. Qe2
O-O-O 16. Bxc6 Nxc6 17. a5 a6 18. b3 Qg6 19. e4 Re8 20. Rh4 Bb4 21. Bb2 Nxd4 22.
Qe3 Nxc2+ 23. Ke2 Nxe3 24. Kxe3 Qg3+ 25. Ke2 Qxh4 26. Ra4 Bc5 27. Nxd5 Qxf2+ 28.
Kd3 Qf3+ 29. Kc4 Qxe4+ 30. Kxc5 Qc2+ 31. Kb4 Qxb2 32. Ne3 Rxe3 33. Ra3 Qd4# 0-1

[Event "Challenge"]
[Site "http://www.queenalice.com/game.php?id=171148"]
[Date "2007.2.19"]
[Round "-"]
[White "Nerdling"]
[Black "mountainmusic2"]
[Result "0-1"]
[WhiteElo "1317"]
[BlackElo "1885"]

1. d4 d5 2. f4 Nc6 3. e3 Nf6 4. g3 Bf5 5. a3 e6 6. c3 Bd6 7. b4 Ne4 8. h4 Nxg3
9. Rh2 a5 10. b5 Ne7 11. Qf3 Ne4 12. Bd3 O-O 13. Nd2 Nxd2 14. Bxd2 Bxd3 15. h5
Bxb5 16. a4 Bd3 17. Nh3 Qd7 18. Nf2 Bc2 19. Ra2 Bb3 20. Rb2 Qxa4 21. h6 Qa1+ 22.
Ke2 Bc4+ 23. Nd3 Qxb2 24. Rh5 Qc2 25. hxg7 Bxd3+ 26. Ke1 Kxg7 27. Rg5+ Kh8 28.
Qh5 Nf5 29. Rg2 Nxe3 30. Bxe3 Qxg2 31. f5 Bg3+ 32. Kd1 Qc2# 0-1

[Event "Challenge"]
[Site "http://www.queenalice.com/game.php?id=204907"]
[Date "2007.5.1"]
[Round "-"]
[White "Nerdling"]
[Black "FENIX_40"]
[Result "0-1"]
[WhiteElo "1315"]
[BlackElo "1423"]

1. d4 d5 2. Nc3 Nf6 3. Bf4 Na6 4. Nf3 Bf5 5. e3 c5 6. dxc5 Nxc5 7. Qd2 Nfe4 8.
Nxe4 Bxe4 9. Bb5+ Nd7 10. c4 a6 11. Bxd7+ Qxd7 12. cxd5 O-O-O 13. Qd4 f5 14.
Rc1+ Qc7 0-1